[Event "Chigorin Memorial 2016"]
[Site "St Petersburg RUS"]
[Date "2016.10.19"]
[Round "5.165"]
[White "Shapiyanov, Adam"]
[Black "Akhmetshin, Aydar"]
[Result "1-0"]
[WhiteElo "1857"]
[BlackElo "1517"]
[WhiteFideId "24123390"]
[BlackFideId "34137065"]
[EventDate "2016.10.15"]

1. e4 c5 2. Nf3 e6 3. d4 cxd4 4. Nxd4 Nf6 5. Nc3 d6 6. Be3 a6 7. Be2 Be7 8. O-O
O-O 9. f4 Nc6 10. Bf3 Bd7 11. Qe1 e5 12. Nxc6 Bxc6 13. f5 d5 14. exd5 Bd7 15. g4
Kh8 16. Rd1 Bb4 17. g5 Ne8 18. Bg2 Nd6 19. f6 gxf6 20. gxf6 Rg8 21. Kh1 Nf5 22.
Be4 Qc8 23. Qf2 Nxe3 24. Qxe3 Bf8 25. Rg1 Bf5 26. Rxg8+ Kxg8 27. Qg3+ Bg6 28.
Qxe5 Qd7 29. Bxg6 hxg6 30. Re1 Bd6 31. Qe3 Qf5 32. Ne4 Be5 33. Qf2 Qxf2 34. Nxf2
Bxf6 35. b3 Bc3 36. Re7 Rd8 37. Ne4 Bd4 38. c4 b5 39. c5 f5 40. c6 Rxd5 41. c7 1-0

[Event "Chigorin Memorial 2016"]
[Site "St Petersburg RUS"]
[Date "2016.10.19"]
[Round "5.166"]
[White "Sanarov, Leonid"]
[Black "Moskaleva, Arina"]
[Result "1/2-1/2"]
[WhiteElo "1852"]
[BlackElo "1479"]
[WhiteFideId "34132993"]
[BlackFideId "34166332"]
[EventDate "2016.10.15"]

1. c4 e5 2. g3 Nf6 3. Bg2 c6 4. e4 d5 5. cxd5 cxd5 6. exd5 Nxd5 7. Nc3 Nf6 8.
Nf3 Nc6 9. O-O Bc5 10. Re1 O-O 11. d3 Ng4 12. Ne4 Bb6 13. h3 Nf6 14. Bg5 Bf5 15.
Bxf6 gxf6 16. Nh4 Bg6 17. Qf3 Nd4 18. Qd1 f5 19. Nc3 f4 20. Kh2 Nf5 21. Nxg6
hxg6 22. Qd2 Bxf2 23. Rxe5 Bxg3+ 24. Kh1 f3 25. Rxf5 fxg2+ 26. Qxg2 gxf5 27.
Qxg3+ Kh8 28. Qe5+ f6 29. Qxf5 Qe7 30. Rg1 Rg8 31. Rf1 Raf8 32. Ne4 Qg7 33. Qh5+
Qh7 34. Qf3 f5 35. Nd6 Rg5 36. Qe3 Qg7 37. Rf4 Rh5 38. Qf3 Qg6 39. Kh2 Rg8 40.
h4 Rf8 41. Kh3 Qg5 42. Qe3 Rh7 43. Qf3 Rf6 44. Rd4 f4 45. Qf2 Qg3+ 46. Qxg3 fxg3
47. Ne4 Rf4 48. Rd8+ Kg7 49. Rd7+ Kg6 50. Rxh7 Kxh7 51. Kxg3 Rf1 52. d4 Rd1 53.
d5 Kg6 54. h5+ Kh6 55. d6 Kxh5 56. Kf4 Kg6 57. Ke5 Kf7 58. a4 Ke8 59. b4 Rb1 60.
Nf6+ Kd8 61. Nd5 Kd7 62. Nf6+ Kd8 63. Nd5 Kd7 64. Nf6+ Kd8 65. Nd5 Re1+ 66. Kd4
Kd7 67. Nc3 Kxd6 68. Nb5+ Kc6 69. Nxa7+ Kb6 70. Nb5 Rc1 71. Nc3 Rh1 72. Kc4 Rh4+
73. Kb3 Kc6 74. a5 Rh3 75. Kc4 Rh4+ 76. Kb3 Kd6 77. Ka4 Kc6 78. Ne2 Kd5 79. Kb5
Kd6 80. Nc3 Kc7 81. Kc5 Rh5+ 82. Nd5+ Kb8 83. Kd6 Rh6+ 84. Kc5 Rh5 85. b5 Ka7
86. Kd6 Rh1 87. Ne3 Rh5 88. Nd5 Rh3 89. Kc5 Rh1 90. Ne3 Rc1+ 91. Nc4 Ra1 92. Kd6
Rd1+ 93. Kc5 Ra1 94. Kb4 Rb1+ 95. Ka4 Ra1+ 96. Na3 Rc1 97. Kb4 Rh1 98. Nc4 Ra1
99. Kc5 Ra4 100. Kd5 Rb4 101. Kc5 Ra4 102. Kd5 Rb4 103. Nd6 Rxb5+ 104. Nxb5+ Ka6 1/2-1/2

[Event "Chigorin Memorial 2016"]
[Site "St Petersburg RUS"]
[Date "2016.10.19"]
[Round "5.167"]
[White "Astakhov, Dmitrii"]
[Black "Smirnov, Dmitrii"]
[Result "0-1"]
[WhiteElo "1456"]
[BlackElo "1849"]
[WhiteFideId "44176759"]
[BlackFideId "44156952"]
[EventDate "2016.10.15"]

1. d4 d5 2. c4 e6 3. Nc3 Nf6 4. cxd5 exd5 5. Bg5 Nbd7 6. e3 c6 7. Bd3 Be7 8. Qc2
O-O 9. Nge2 Re8 10. O-O-O Nf8 11. h3 Ne4 12. Bxe7 Qxe7 13. Bxe4 dxe4 14. g4 f5
15. gxf5 Bxf5 16. Rdg1 Rac8 17. h4 h6 18. Rg3 Bh7 19. Rhg1 Rc7 20. h5 Ne6 21.
Qb3 Kh8 22. Kb1 Qf7 23. R1g2 Qxh5 24. Rg4 Qf7 25. Nxe4 Ng5 26. Qxf7 Rxf7 27. Kc1
Bxe4 28. Rg1 Rxf2 29. Nc3 Bf5 30. R4g2 Rxg2 31. Rxg2 Rxe3 32. Kd2 Rd3+ 33. Ke2
Rxd4 34. Ke3 Rd8 35. Rf2 Re8+ 36. Kd4 Bg6 37. Kc4 b6 38. Rd2 Ne4 39. Nxe4 Bxe4
40. Rd7 Bd5+ 41. Kc3 h5 42. Rxa7 h4 43. Ra4 g5 44. Rg4 Rg8 45. a3 h3 46. b4 h2
47. b5 h1=Q 0-1

[Event "Chigorin Memorial 2016"]
[Site "St Petersburg RUS"]
[Date "2016.10.19"]
[Round "5.168"]
[White "Protasova, Anastasia"]
[Black "Babotin, Ivan"]
[Result "1-0"]
[WhiteElo "1847"]
[BlackElo "1465"]
[WhiteFideId "44154810"]
[BlackFideId "24256510"]
[EventDate "2016.10.15"]

1. d4 d5 2. c4 e6 3. Nf3 Nc6 4. Nc3 Bb4 5. e3 Nf6 6. Bd3 O-O 7. O-O Re8 8. cxd5
exd5 9. a3 Bxc3 10. bxc3 Bg4 11. Be2 Ne4 12. Qc2 Na5 13. Bb2 Ng5 14. Ne5 Bxe2
15. Qxe2 f6 16. Nd3 Nc4 17. a4 a5 18. Ba3 b6 19. Nb2 Nxb2 20. Bxb2 Qd7 21. c4
Rab8 22. Rfc1 Rec8 23. c5 Qf5 24. Ba3 h5 25. Qxh5 Qd3 26. h4 Ne4 27. Qxd5+ Kh8
28. Qf5 Re8 29. cxb6 cxb6 30. Rc7 Qe2 31. g4 g6 32. Qf4 Kg8 33. Kg2 b5 34. Rac1
b4 35. R1c2 Qe1 36. Qh6 1-0

[Event "Chigorin Memorial 2016"]
[Site "St Petersburg RUS"]
[Date "2016.10.19"]
[Round "5.169"]
[White "Terekhov, Dmitriy"]
[Black "Petrov, Maksim"]
[Result "1-0"]
[WhiteElo "1844"]
[BlackElo "1367"]
[WhiteFideId "44124058"]
[BlackFideId "24216836"]
[EventDate "2016.10.15"]

1. Nf3 d5 2. g3 e6 3. Bg2 Nf6 4. O-O Be7 5. d3 c5 6. Nbd2 O-O 7. e4 Nc6 8. Re1
Qc7 9. e5 Nd7 10. Qe2 b6 11. Nf1 Re8 12. h4 g6 13. Bf4 Bf8 14. N1h2 Bg7 15. Ng4
Kf8 16. Ng5 Kg8 17. Nf6+ Bxf6 18. exf6 Qd8 19. Bxd5 Bb7 20. Bg2 Qxf6 21. Ne4 Qe7
22. c3 e5 23. Bg5 f6 24. Be3 Rad8 25. h5 gxh5 26. Qxh5 Nf8 27. Rad1 Qf7 28. Qh4
Re7 29. Nxf6+ Kh8 30. Ng4 Ng6 31. Qh5 Red7 32. Bg5 Nce7 33. Bf6+ 1-0

[Event "Chigorin Memorial 2016"]
[Site "St Petersburg RUS"]
[Date "2016.10.19"]
[Round "5.171"]
[White "Pilchin, Uri"]
[Black "Maltsevskaya, Anna"]
[Result "1-0"]
[WhiteElo "1839"]
[BlackElo "1243"]
[WhiteFideId "2816636"]
[BlackFideId "34127191"]
[EventDate "2016.10.15"]

1. d4 d5 2. c4 e6 3. Nf3 c5 4. e3 Nc6 5. cxd5 exd5 6. Bb5 Bd7 7. dxc5 Nf6 8.
Bxc6 Bxc6 9. b4 b6 10. Ba3 bxc5 11. bxc5 Qa5+ 12. Qd2 Qa6 13. Ne5 Ne4 14. Qd4
Rb8 15. Nxc6 Qxc6 16. Qe5+ Be7 17. Qxb8+ Bd8 18. Qe5+ Be7 19. O-O f6 20. Qb8+
Bd8 21. Qxa7 O-O 22. Bb4 Rf7 23. Qb8 Rf8 24. Qf4 Bc7 25. Qg4 Be5 26. Nd2 Nxd2
27. Bxd2 Bxa1 28. Rxa1 Qxc5 29. Bb4 Qc8 30. Qd4 Rd8 31. a4 Qb7 32. a5 Ra8 33. a6
Rxa6 34. Rxa6 Qxa6 35. Qxd5+ Kh8 36. Qd8# 1-0

[Event "Chigorin Memorial 2016"]
[Site "St Petersburg RUS"]
[Date "2016.10.19"]
[Round "5.172"]
[White "Khlopushin, Dmitriy"]
[Black "Kurbanov, Sergey"]
[Result "1-0"]
[WhiteElo "1824"]
[BlackElo "1198"]
[WhiteFideId "44147864"]
[BlackFideId "54198704"]
[EventDate "2016.10.15"]

1. e4 e6 2. d4 d5 3. e5 c5 4. c3 Nc6 5. Nf3 Qb6 6. Na3 cxd4 7. cxd4 Bxa3 8. bxa3
Nge7 9. Bd3 Bd7 10. Rb1 Qc7 11. O-O a6 12. Bb2 Ng6 13. Qd2 Rc8 14. Rfc1 b5 15.
Bc3 O-O 16. Bb4 Rfe8 17. Qe3 Qb7 18. Bc5 h6 19. h4 Nge7 20. g4 Ng6 21. h5 Nge7
22. Nh4 Ra8 23. Bc2 Rf8 24. Qd3 f6 25. Qh7+ Kf7 26. Bg6+ Nxg6 27. hxg6+ Ke8 28.
Bxf8 Kxf8 29. exf6 Be8 30. Qh8# 1-0

[Event "Chigorin Memorial 2016"]
[Site "St Petersburg RUS"]
[Date "2016.10.19"]
[Round "5.174"]
[White "Moshkov, Vyacheslav"]
[Black "Andrijashkin, Deniss"]
[Result "0-1"]
[WhiteElo "1826"]
[BlackElo "1661"]
[WhiteFideId "24115118"]
[BlackFideId "4504631"]
[EventDate "2016.10.15"]

1. e4 e5 2. Nf3 Nc6 3. d4 exd4 4. Bc4 Be7 5. Nxd4 Na5 6. Bxf7+ Kxf7 7. Qh5+ g6
8. Qxa5 Kg7 9. Bf4 d6 10. O-O g5 11. Be3 Nh6 12. Nc3 Ng4 13. Bd2 Ne5 14. Qd5 Rf8
15. f4 c6 16. Ne6+ Bxe6 17. Qxe6 Rf6 18. Qb3 gxf4 19. Bxf4 Ng6 20. Bg3 Qd7 21.
Rad1 Rxf1+ 22. Kxf1 h5 23. h3 h4 24. Bh2 b5 25. Qb4 d5 26. Qd4+ Bf6 27. Qd3 Qf7
28. Kg1 Rd8 29. a3 a5 30. Re1 Re8 31. Re2 b4 32. axb4 axb4 33. Nd1 Qa7+ 34. Kh1
dxe4 35. Rxe4 Rd8 36. Qf1 Rf8 37. Bd6 Be7 38. Qd3 Bxd6 39. Qxd6 Rf1+ 40. Kh2
Qg1# 0-1

[Event "Chigorin Memorial 2016"]
[Site "St Petersburg RUS"]
[Date "2016.10.19"]
[Round "5.175"]
[White "Rudikov, Dmitry"]
[Black "Tikholiz, Sergei"]
[Result "1-0"]
[WhiteElo "1823"]
[BlackElo "1522"]
[WhiteFideId "44147171"]
[BlackFideId "44174446"]
[EventDate "2016.10.15"]

1. d4 Nf6 2. c4 c5 3. d5 b5 4. cxb5 a6 5. bxa6 Bxa6 6. Nc3 g6 7. Nf3 d6 8. e4
Bxf1 9. Kxf1 Bg7 10. g3 O-O 11. Kg2 Nbd7 12. h3 Qa5 13. Re1 Rfb8 14. Re2 Ne8 15.
Rc2 Nc7 16. Bg5 Kf8 17. Qc1 Nb6 18. Bh6 Na6 19. Qf4 Bxh6 20. Qxh6+ Ke8 21. Qxh7
Nb4 22. Re2 Nc4 23. e5 dxe5 24. Nxe5 Nxe5 25. Rxe5 Nd3 26. Re3 Nxb2 27. Rae1 Rb7
28. Qg8+ Kd7 29. Rxe7+ Kd6 30. R1e6+ fxe6 31. Qxe6# 1-0

[Event "Chigorin Memorial 2016"]
[Site "St Petersburg RUS"]
[Date "2016.10.19"]
[Round "5.176"]
[White "Lapin, Nikita"]
[Black "Bulsoev, Alexander"]
[Result "1-0"]
[WhiteElo "1686"]
[BlackElo "1462"]
[WhiteFideId "34164887"]
[BlackFideId "44122276"]
[EventDate "2016.10.15"]

1. e4 e5 2. Nf3 Nc6 3. Bb5 Nf6 4. O-O d6 5. Re1 a6 6. Bxc6+ bxc6 7. h3 Be7 8.
Nc3 O-O 9. d4 exd4 10. Nxd4 Bb7 11. Qf3 Nd7 12. Qg3 Bh4 13. Qf4 Ne5 14. Nf5 Bf6
15. g4 Kh8 16. Qg3 g6 17. Ne3 Bh4 18. Qg2 Qf6 19. Rf1 Nf3+ 20. Kh1 a5 21. Rb1
Ba6 22. Rd1 Bg5 23. Ned5 cxd5 24. Nxd5 Nh4 25. Nxf6 Nxg2 26. Bxg5 Be2 27. Rg1
Bf3 28. Rxg2 Bxg2+ 29. Kxg2 Kg7 30. Nd5 Rfc8 31. Bf6+ Kf8 32. Rd1 Rab8 33. b3
Rb7 34. Rd4 Re8 35. Bg5 Re6 36. f4 c6 37. f5 Re5 38. Bf4 cxd5 39. Bxe5 dxe5 40.
Rxd5 a4 41. Rxe5 axb3 42. axb3 Rc7 43. c4 g5 44. Rb5 Ke7 45. e5 Kd7 46. Rd5+ Kc6
47. b4 Kb6 48. Rd6+ Kb7 49. c5 Kc8 50. e6 fxe6 51. fxe6 Re7 52. b5 h6 53. c6 Kb8
54. b6 h5 55. Rd8# 1-0

[Event "Chigorin Memorial 2016"]
[Site "St Petersburg RUS"]
[Date "2016.10.19"]
[Round "5.178"]
[White "Kudin, Alexander"]
[Black "Lapushnian, Eran"]
[Result "0-1"]
[WhiteElo "1313"]
[BlackElo "1910"]
[WhiteFideId "24248550"]
[BlackFideId "2811952"]
[EventDate "2016.10.15"]

1. e4 e5 2. Nf3 Nf6 3. Nxe5 Nxe4 4. Qe2 Qe7 5. Qxe4 d6 6. d4 dxe5 7. Qxe5 Qxe5+
8. dxe5 Bf5 9. c3 Nd7 10. f4 O-O-O 11. Be2 Bc5 12. Nd2 Rhe8 13. g4 Bc2 14. Bc4
f6 15. e6 Nb6 16. Bb3 Bxb3 17. axb3 Rxe6+ 18. Kf1 Nd5 19. Nc4 Nxc3 20. Bd2 Ne4
21. Be1 a6 22. b4 Ba7 23. b5 Kb8 24. f5 Ree8 25. bxa6 b5 26. Na3 Nd2+ 27. Bxd2
Rxd2 0-1

[Event "Chigorin Memorial 2016"]
[Site "St Petersburg RUS"]
[Date "2016.10.19"]
[Round "5.179"]
[White "Burdin, Daniil"]
[Black "Golikov, Sergei"]
[Result "0-1"]
[WhiteElo "1243"]
[BlackElo "1789"]
[WhiteFideId "44164270"]
[BlackFideId "34103330"]
[EventDate "2016.10.15"]

1. e4 e6 2. Qe2 Nf6 3. g3 d5 4. e5 Nfd7 5. d4 c5 6. c3 cxd4 7. cxd4 Nc6 8. Nf3
Qb6 9. Be3 Na5 10. Qb5 a6 11. Qxb6 Nxb6 12. b3 Bd7 13. Nbd2 Rc8 14. Be2 Ba3 15.
O-O O-O 16. Ne1 Rc7 17. Nd3 Bb5 18. Rfe1 Nd7 19. Rab1 Rc2 20. b4 Nc4 21. Nxc4
Bxc4 22. Nc1 Bxc1 23. Bxc4 Bxe3 24. Rxe3 Rxc4 25. Rd3 Rfc8 26. Rbb3 b5 27. Rb2
f6 28. f4 Rc2 29. Rdb3 Rxb2 30. Rxb2 Rc4 31. a3 Rxd4 32. Rb3 fxe5 33. Re3 e4 34.
Kg2 Nb6 35. Rc3 Nc4 36. g4 Rd3 37. Rxd3 exd3 38. Kf2 Kf7 39. Kf3 Kf6 40. Kf2 e5
41. fxe5+ Kxe5 42. Kf3 Kd4 43. h4 Kc3 44. g5 d2 45. Ke2 Kc2 46. Kf3 d1=Q+ 47.
Kf4 g6 48. h5 Qxh5 49. Kg3 Kd3 50. Kf4 Qh4+ 51. Kf3 Nd2+ 52. Kg2 Ke2 53. a4
Qxg5+ 54. Kh3 Kf3 55. Kh2 Qg2# 0-1

[Event "Chigorin Memorial 2016"]
[Site "St Petersburg RUS"]
[Date "2016.10.19"]
[Round "5.180"]
[White "Prishibilovich, Matvei"]
[Black "Riakhovskii, Mark"]
[Result "1-0"]
[WhiteElo "1707"]
[BlackElo "1370"]
[WhiteFideId "44167148"]
[BlackFideId "34174459"]
[EventDate "2016.10.15"]

1. d4 d5 2. c4 e6 3. Nc3 Nf6 4. Bg5 Be7 5. Nf3 h6 6. Bh4 O-O 7. e3 b6 8. cxd5
Nxd5 9. Nxd5 Bxh4 10. Nc3 Bf6 11. Bd3 Bb7 12. O-O Nd7 13. Be4 Bxe4 14. Nxe4 Qe7
15. Rc1 Rfc8 16. Nxf6+ Nxf6 17. Rc6 Nd5 18. a3 Rd8 19. Qa4 a5 20. Rfc1 Rac8 21.
h3 Qe8 22. Qc2 Qe7 23. g3 Kh8 24. Ne5 Kg8 25. Kg2 b5 26. Rc5 Qe8 27. Nc6 Rd6 28.
Rxb5 Ra8 29. Rc5 a4 30. e4 Nb6 31. Rd1 Nd7 32. Rc3 Nb6 33. Nb4 Qd8 34. Rcd3 f5
35. exf5 exf5 36. Nc6 Qg5 37. Ne5 Nd5 38. h4 Qf6 39. Rf3 f4 40. Qc4 Kh8 41. Nd3
g5 42. hxg5 hxg5 43. gxf4 gxf4 44. Rh1+ Kg7 45. Rfh3 Rg8 46. Ne5 Qf5 47. Qxa4
Qe4+ 48. Kh2 Kf8 49. Qa8+ Kg7 50. Rg1+ Rg6 51. Rxg6+ Qxg6 52. Qxg8+ Kxg8 53.
Nxg6 Kg7 54. Ne5 Kf6 55. Rc3 Kf5 56. Rc5 Nf6 57. Nd7+ 1-0

[Event "Chigorin Memorial 2016"]
[Site "St Petersburg RUS"]
[Date "2016.10.19"]
[Round "5.181"]
[White "Kirianova, Evgeniia"]
[Black "Grekhov, Luka"]
[Result "0-1"]
[WhiteElo "1219"]
[BlackElo "1600"]
[WhiteFideId "54163838"]
[BlackFideId "44129637"]
[EventDate "2016.10.15"]

1. c4 e6 2. Nc3 c5 3. g3 Nf6 4. Bg2 d5 5. cxd5 exd5 6. e3 Nc6 7. Nge2 d4 8. Nb5
a6 9. Na3 Bg4 10. h3 Bh5 11. g4 Bg6 12. exd4 cxd4 13. d3 Bb4+ 14. Kf1 Nd5 15.
Nc2 Bc5 16. f4 f6 17. a3 O-O 18. b4 Bb6 19. f5 Bf7 20. h4 Ne3+ 21. Nxe3 dxe3 22.
Bb2 Bd5 23. Nf4 Bxg2+ 24. Kxg2 Bd4 25. Qb3+ Kh8 26. Ne6 Qd6 27. Nxf8 Qf4 28. Ne6
Qxg4+ 29. Kh2 Qxh4+ 30. Kg2 Qg4+ 31. Kh2 Qe2+ 32. Kg3 Qf2+ 33. Kh3 Qf3+ 34. Kh2
Ne5 35. Rhg1 Qh5+ 36. Kg3 Qg4+ 37. Kh2 Nf3+ 38. Kh1 Qh3# 0-1

[Event "Chigorin Memorial 2016"]
[Site "St Petersburg RUS"]
[Date "2016.10.19"]
[Round "5.182"]
[White "Ageeva, Vasilisa"]
[Black "Lantseva, Aleksandra"]
[Result "1-0"]
[WhiteElo "1556"]
[BlackElo "1359"]
[WhiteFideId "24186120"]
[BlackFideId "34194867"]
[EventDate "2016.10.15"]

1. e4 c5 2. Nf3 d6 3. d4 cxd4 4. Nxd4 Nf6 5. Nc3 a6 6. Be3 b5 7. a3 Bb7 8. f3 e6
9. Qd2 Be7 10. O-O-O Nbd7 11. g4 Nb6 12. Qf2 d5 13. Nxe6 fxe6 14. Bxb6 Qd6 15.
Bg2 Qf4+ 16. Be3 Qe5 17. Bd4 Qf4+ 18. Be3 Qe5 19. g5 Nh5 20. f4 d4 21. fxe5 1-0

[Event "Chigorin Memorial 2016"]
[Site "St Petersburg RUS"]
[Date "2016.10.19"]
[Round "5.184"]
[White "Serov, Aleksandr"]
[Black "Timofeev, Vsevolod"]
[Result "1-0"]
[WhiteElo "1505"]
[BlackElo "1301"]
[WhiteFideId "34177261"]
[BlackFideId "54191602"]
[EventDate "2016.10.15"]

1. d4 d5 2. c4 e6 3. Nc3 Nf6 4. cxd5 Nxd5 5. e4 Nb6 6. Nf3 Nc6 7. Bb5 Bd7 8. Be3
a6 9. Bxc6 Bxc6 10. Ne5 Bb4 11. Nxc6 bxc6 12. O-O O-O 13. Rc1 Nc8 14. e5 Ne7 15.
Ne4 Rb8 16. Bg5 Qd5 17. Qg4 Ng6 18. h4 Qxd4 19. Nf6+ gxf6 20. Qxd4 c5 21. Qe3
fxg5 22. Qxg5 Rbd8 23. Rcd1 Rd5 24. Rxd5 exd5 25. h5 h6 26. Qg4 1-0

[Event "Chigorin Memorial 2016"]
[Site "St Petersburg RUS"]
[Date "2016.10.20"]
[Round "6.16"]
[White "Yanchenko, Roman"]
[Black "Aleksandrov, Aleksej"]
[Result "0-1"]
[WhiteTitle "FM"]
[BlackTitle "GM"]
[WhiteElo "2419"]
[BlackElo "2568"]
[WhiteFideId "4137329"]
[BlackFideId "13500139"]
[EventDate "2016.10.15"]

1. d4 d5 2. Nf3 Nf6 3. c4 e6 4. g3 dxc4 5. Bg2 Nc6 6. Qa4 Bb4+ 7. Bd2 Nd5 8.
Bxb4 Nxb4 9. Nc3 Bd7 10. O-O a5 11. Qd1 O-O 12. e3 a4 13. Nd2 Na5 14. Nxa4 e5
15. Nc5 exd4 16. a3 Nd3 17. exd4 Nxc5 18. dxc5 Bf5 19. Rc1 Re8 20. Rc3 h6 21.
Qc1 Bd3 22. Rd1 Qf6 23. b4 Nc6 24. Bxc6 bxc6 25. Nxc4 Re2 26. Rf1 Rd8 27. a4 h5
28. h4 Ra2 29. Rxd3 Rxd3 30. b5 cxb5 31. axb5 Rc3 0-1

[Event "Chigorin Memorial 2016"]
[Site "St Petersburg RUS"]
[Date "2016.10.20"]
[Round "6.34"]
[White "Esipenko, Andrey"]
[Black "Yeletsky, Ivan"]
[Result "0-1"]
[WhiteTitle "FM"]
[BlackTitle "FM"]
[WhiteElo "2490"]
[BlackElo "2340"]
[WhiteFideId "24175439"]
[BlackFideId "24180327"]
[EventDate "2016.10.15"]

1. e4 c5 2. Nf3 d6 3. d4 cxd4 4. Nxd4 Nf6 5. Nc3 g6 6. Be2 Bg7 7. O-O O-O 8. Re1
Nc6 9. Nb3 b6 10. Bf1 Bb7 11. Bg5 h6 12. Bh4 Rc8 13. Nd5 g5 14. Bg3 Nxd5 15.
exd5 Nb4 16. c4 b5 17. a3 bxc4 18. axb4 cxb3 19. Qxb3 Rc7 20. h4 Bf6 21. Ra5 Bc8
22. Rea1 Bd4 23. Bb5 Kg7 24. Bc6 f5 25. Kf1 f4 26. Bh2 Bf5 27. Qc4 Bb6 28. R5a3
Rf6 29. Re1 e5 30. dxe6 Qe7 31. b5 Rxe6 32. Raa1 Qf6 33. Rxe6 Qxb2 34. Ra2 Qb1+
35. Re1 Bd3+ 36. Re2 Qxe1+ 37. Kxe1 Bxc4 38. Re8 Kf7 39. hxg5 hxg5 40. Re4 d5
41. Re5 Kf6 42. Re8 Rh7 0-1

[Event "Chigorin Memorial 2016"]
[Site "St Petersburg RUS"]
[Date "2016.10.20"]
[Round "6.92"]
[White "Trapeznikova, Darya"]
[Black "Askerov, Marat"]
[Result "1/2-1/2"]
[WhiteTitle "WFM"]
[BlackTitle "FM"]
[WhiteElo "2093"]
[BlackElo "2299"]
[WhiteFideId "24121118"]
[BlackFideId "24175200"]
[EventDate "2016.10.15"]

1. d4 Nf6 2. c4 e6 3. Nc3 Bb4 4. e3 b6 5. Ne2 c5 6. a3 Ba5 7. Rb1 Qe7 8. Nf4
cxd4 9. exd4 Bxc3+ 10. bxc3 Nc6 11. Be2 Na5 12. O-O O-O 13. Qa4 d6 14. Be3 Bd7
15. Qb4 Rac8 16. Nh3 Rc6 17. Bf4 Rfc8 18. Rbc1 Nxc4 19. Bxc4 Rxc4 20. Bxd6 Rxb4
21. Bxe7 Rbc4 22. Bxf6 gxf6 23. Nf4 Rxc3 24. Rxc3 Rxc3 25. Nh5 Bb5 26. Ra1 Rd3
27. Nxf6+ Kg7 28. Ng4 Rxd4 29. Ne3 f5 30. g3 Rd3 31. a4 Bc6 32. a5 Rb3 33. axb6
axb6 34. Kf1 Bf3 35. Ke1 Kf6 36. Ra2 Rd3 37. Rb2 Rd6 38. Rb1 Rc6 39. Kd2 e5 40.
Rb4 Rd6+ 41. Kc3 Rc6+ 42. Kd2 Rd6+ 43. Kc3 Be2 44. Rxb6 Rxb6 45. Nd5+ Kg5 46.
Nxb6 Kg4 47. Nd7 e4 48. Kd2 Kf3 49. Ke1 Bb5 50. Nf6 h6 51. Ng8 Bc4 52. Nxh6 Be6
53. h3 Kg2 54. Ke2 Kxh3 55. Ke3 Kg2 56. g4 1/2-1/2

[Event "Chigorin Memorial 2016"]
[Site "St Petersburg RUS"]
[Date "2016.10.20"]
[Round "6.97"]
[White "Ovchinnikov, Vsevolod"]
[Black "Navrodskiy, Boris"]
[Result "1-0"]
[WhiteTitle "FM"]
[WhiteElo "2263"]
[BlackElo "2099"]
[WhiteFideId "24176842"]
[BlackFideId "24176826"]
[EventDate "2016.10.15"]

1. d4 d5 2. c4 e6 3. Nf3 Nf6 4. g3 dxc4 5. Bg2 Nc6 6. Qa4 Bb4+ 7. Bd2 Nd5 8.
Bxb4 Nxb4 9. O-O Rb8 10. Nc3 O-O 11. a3 Nd5 12. Qxc4 Na5 13. Qd3 b5 14. e4 Nxc3
15. Qxc3 Nc4 16. a4 a6 17. b3 Nd6 18. Ne5 Bb7 19. Nc6 Bxc6 20. Qxc6 bxa4 21.
bxa4 Rb6 22. Qc5 Qd7 23. Rfc1 Rc8 24. a5 Nb7 25. Qc3 Rb5 26. Bf1 Nd6 27. Bxb5
Nxb5 28. Qc6 Qxc6 29. Rxc6 Nxd4 30. Rxa6 c5 31. Rb6 1-0

[Event "Chigorin Memorial 2016"]
[Site "St Petersburg RUS"]
[Date "2016.10.20"]
[Round "6.154"]
[White "Sheynin, Izrail"]
[Black "Yun, Vyacheslav"]
[Result "0-1"]
[WhiteElo "1982"]
[BlackElo "1766"]
[WhiteFideId "4186230"]
[BlackFideId "34126667"]
[EventDate "2016.10.15"]

1. e4 Nf6 2. Nc3 d5 3. e5 d4 4. Nce2 Ng4 5. f4 Nc6 6. Nf3 Nh6 7. Ng3 e6 8. a3
Bc5 9. b4 Bb6 10. Bd3 Ne7 11. Ng5 Ng6 12. Nh3 Bd7 13. Qh5 Bc6 14. O-O Qd5 15.
Rf2 Qd7 16. Rb1 Bb5 17. Bxb5 Qxb5 18. d3 O-O-O 19. Bd2 Qa4 20. Rb3 Qc6 21. Qd1
Ne7 22. Ng5 Nd5 23. N5e4 Ng4 24. Re2 Nge3 25. Bxe3 dxe3 26. Qf1 Qxc2 27. Rxc2
e2+ 28. Nc5 exf1=Q+ 29. Kxf1 Ne3+ 30. Kf2 Nxc2 31. Ne4 Bxc5+ 32. Nxc5 Nd4 33.
Rc3 Nb5 34. Rb3 b6 35. Ne4 Kb7 36. a4 Nd4 37. Rc3 Rd7 38. g4 Rhd8 39. Ke3 Nc6
40. Rb3 Rd4 0-1

[Event "Chigorin Memorial 2016"]
[Site "St Petersburg RUS"]
[Date "2016.10.21"]
[Round "7.7"]
[White "Tran, Tuan Minh"]
[Black "Rozum, Ivan"]
[Result "1-0"]
[WhiteTitle "IM"]
[BlackTitle "GM"]
[WhiteElo "2468"]
[BlackElo "2590"]
[WhiteFideId "12401820"]
[BlackFideId "24104272"]
[EventDate "2016.10.15"]

1. d4 Nf6 2. c4 e6 3. Nc3 Bb4 4. e3 O-O 5. Ne2 d5 6. a3 Be7 7. Nf4 c6 8. Bd3
dxc4 9. Bxc4 Nbd7 10. Bxe6 fxe6 11. Nxe6 Qa5 12. Nxf8 Nxf8 13. Qb3+ Kh8 14. O-O
Qh5 15. e4 Ne6 16. Qd1 Qh4 17. f3 b6 18. Be3 Bb7 19. Qe1 Qh5 20. Rd1 Re8 21. g4
Qf7 22. Qg3 g5 23. d5 cxd5 24. exd5 Bc5 25. Bxc5 Nxc5 26. Rfe1 Rxe1+ 27. Rxe1
Nd3 28. Qb8+ Qg8 29. Qxg8+ Kxg8 30. Re7 Bxd5 31. Nxd5 Nxd5 32. Rd7 N5f4 33. b4
Ne5 34. Rxa7 Nxf3+ 35. Kh1 Ne5 36. a4 Nfd3 37. a5 bxa5 38. bxa5 Nf2+ 39. Kg1
Nfxg4 40. Rc7 Ne3 41. a6 N3c4 42. Rc5 Nf3+ 43. Kh1 Nb6 44. Rc6 1-0

[Event "Chigorin Memorial 2016"]
[Site "St Petersburg RUS"]
[Date "2016.10.21"]
[Round "7.19"]
[White "Pasiev, Rakhim"]
[Black "Gordievsky, Dmitry"]
[Result "1/2-1/2"]
[WhiteTitle "IM"]
[BlackTitle "IM"]
[WhiteElo "2406"]
[BlackElo "2555"]
[WhiteFideId "24122475"]
[BlackFideId "24112798"]
[EventDate "2016.10.15"]

1. e4 c5 2. Nf3 d6 3. d4 cxd4 4. Qxd4 Nf6 5. Bg5 Bd7 6. Nc3 Nc6 7. Qe3 h6 8.
Bxf6 gxf6 9. Nd2 f5 10. Bd3 fxe4 11. Ndxe4 Ne5 12. Be2 Qb6 13. Qxb6 axb6 14. Nd5
Ra5 15. c4 Bc6 16. O-O e6 17. Ndc3 f5 18. Nd2 h5 19. Nb3 Ra8 20. Nd4 Bd7 21.
Rfe1 Kf7 22. Rad1 Rd8 23. Ndb5 h4 24. b3 Be7 25. a4 Kf6 26. Bf1 Rhg8 27. Re3 Ng4
28. Red3 Ne5 29. Re3 Kf7 30. h3 Ng6 31. Nc7 Nf4 32. Rf3 e5 1/2-1/2